000 02116cam a22005294a 4500
003 PE-LiUPU
005 20250731172842.0
008 110531s2011 ilu b 001 0 eng
020 _a0830839445
_q(pbk. ;
_qalk. paper)
020 _a9780830839445
_q(pbk. ;
_qalk. paper)
035 _a(Sirsi) i9780830839445
040 _aPE-LiUPU
_bspa
_cPE-LiUPU
_erda
049 _aPRUA
082 0 0 _a234.7
_bJ93
_223
245 0 0 _aJustification :
_bFive views /
_cEdited by James K. Beilby and Paul Rhodes Eddy ; associate editor, Steven E. Eenderlein [sic] ; with contributions by Michael F. Bird [and others].
264 _aDowners Grove, Ill. :
_bIVP Academic,
_c2011.
300 _a319 páginas ;
_c23 centímetros.
336 _atext
_btxt
_2rdacontent
337 _aunmediated
_bn
_2rdamedia
338 _avolume
_bnc
_2rdacarrier
490 1 _aSpectrum multiview books
504 _aÍndices : páginas 310-319.
505 0 0 _aJustification in historical perspective -- Justification in contemporary debate -- Traditional Reformed view -- Progressive Reformed view -- New perspective view -- Deification view -- Roman Catholic view.
526 _aSEG42
526 _aSEG41
526 _aSEG40
526 _aSEG39
526 _aP94
526 _aP87
526 _aP86
526 _aP85
526 _aP77
526 _aP76
526 _aP35
650 0 7 _aRechtfertigungslehre.
_0(DE-588c)4121563-1
_2swd
650 0 7 _aTheologie.
_0(DE-588c)4059758-1
_2swd
655 4 _aAufsatzsammlung.
700 1 _aBeilby, James K,
_eautor.
700 1 _aEddy, Paul R,
_eautor.
910 _jck
_bhop
_chop
_d20160525
942 _2ddc
_cBOOK
949 _a234.7 J93
_wDEWEY
_c1
_i73194
_d2016-5-26
_e2016-5-26
_lCCODEBUL1
_mBUL
_n1
_p25.00
_r0
_sY
_tBOOK
_u2016-5-25
_xTEOLOGIA
_PP85
_0COMPRA
_o.STAFF. Posgrado
994 _aC0
_bPEPRU
596 _a1
999 _a234.7 J93
_wDEWEY
_c9564
_i73194
_d9564
_e2019-5-27
_f2021-11-10
_g5
_lCCODEBUL1
_mBUL
_n3
_p25.00
_r0
_sY
_tBOOK
_u2016-5-25
_xTEOLOGIA
_PP85
_0COMPRA
_o.STAFF. Posgrado
980 _81
_gALBERTO SANCHEZ Responsable de Automatización